EDI: kde zaspali logistici?
Elektronická výmena dát (EDI) vytrvalo rastie ako do objemu zasielaných správ, tak aj do rozsahu. Okrem klasických oblastí, ako sú rýchloobrátkový tovar, či automobilový priemysel, EDI už dávno prerástla aj do ďalších sektorov.
Uložené v:
| Hlavný autor: | |
|---|---|
| Médium: | Kapitola |
| Jazyk: | Slovak |
| Predmet: | |
| Tagy: |
Žiadne tagy, Buďte prvý, kto otaguje tento záznam!
|
MARC
| LEADER | 00000naa a2200000 4500 | ||
|---|---|---|---|
| 001 | 0192596 | ||
| 005 | 20231011070028.4 | ||
| 041 | 0 | |a slo | |
| 044 | |a SK | ||
| 245 | 1 | 0 | |a EDI: kde zaspali logistici? |c Jozef Brezovský |
| 520 | |a Elektronická výmena dát (EDI) vytrvalo rastie ako do objemu zasielaných správ, tak aj do rozsahu. Okrem klasických oblastí, ako sú rýchloobrátkový tovar, či automobilový priemysel, EDI už dávno prerástla aj do ďalších sektorov. | ||
| 610 | 2 | 0 | |a maloobchod |
| 610 | 2 | 0 | |a komunikácia elektronická |
| 610 | 2 | 0 | |a technológie nové |
| 610 | 2 | 0 | |a sektory hospodárske |
| 610 | 2 | 0 | |a služby logistické |
| 100 | 1 | |a Brezovský, Jozef | |